00682nam a2200229Ia 4500001000900000003000500009005001700014008004100031010001100072020001800083040000900101082002200110100002500132245009000157260006200247300001100309503001400320504002800334650002200362650003400384700003400418dia_2878CHAP20230516131924.0220117s1998 xx 000 0 und d a173376 a84-7114-810-2 cCHAP a664.8028 C37 1998 aCasp Vanaclocha, Ana aProcesos de conservación de alimentos /c Ana Casp Vanaclocha y Jose Abril Requena aEspaña :b Mundi-Prensa :,b A. Madrid Vicente,c1998 a494 p. aI. 199783 aIncluye bibliografías aFood preservation aPreservación de alimentos  aAbril Requena, José, coaut.